Ancient History by Letter 'T' - Statistics

General Stats
  • This quiz has been taken 176 times
  • The average score is 8 of 14
Answer Stats
Hint Answer % Correct
A pharaoh of Egypt that is famous for his tomb that was discovered. The tomb was largely untouched and was full of treasure. Tutankhamen
94%
Inhabitants of Troy. Trojans
90%
Capital of Boeotia; founded by Cadmus, Oedipus was king. Thebes
76%
The capital city of Egypt during the period of the New Kingdom. Thebes
76%
River in Italy Aeneas sails up. Tiber
74%
A type of baked clay ceramic. It was used in building the 8,000 life size terracotta soldiers that were buried with Emperor Qin. Terracotta
71%
The capital city of the Aztec Empire. Tenochtitlan
68%
City of Asia Minor, ruled by Laomedon and Priam. Troy
66%
Name given to the six sons of Uranus and Gaea. Titans
61%
Son of Aegeus and Aethra; hero of Athens. Theseus
40%
Son of Odysseus and Penelope. Telemachus
24%
An early civilization that came before the Aztecs. The nobility claimed to be descendants of these legendary people. Toltecs
18%
Babylonian maiden loved by Pyramus. Thisbe
15%
A tax paid by the city-states to the Aztec Emperor in the capital city of Tenochtitlan. Tribute
15%
No matching quizzes found
Score Distribution
Percent of People with Each Score
Percentile by Number Answered
Your Score History
You have not taken this quiz